000 00376nam a2200145 i 4500
001 85589
003 ES-MaACL
005 20230906175252.0
007 t|
008 041129q19401949gw ||||1| ger d
245 0 3 _aDas Justizwesen der U.DSSR.
260 _a[S.l.] :
_bAls Manuscript Gedruckt,
_c[194-?]
300 _a40 p. ;
_c30 cm.
852 _aES-MaACL
_j1698-F-16
_bR.19654
999 _c85589
_d85589